书目信息 |
| 题名: |
高分子化学
|
|
| 作者: | 林尚安 编著 | |
| 分册: | ||
| 出版信息: | 北京 科学出版社 1982 |
|
| 页数: | 951页 | |
| 开本: | 21cm | |
| 丛书名: | ||
| 单 册: | ||
| 中图分类: | O63 | |
| 科图分类: | ||
| 主题词: | 高分子化学 | |
| 电子资源: | ||
| ISBN: | ||
| 000 | 00608nam0 2200229 45 | |
| 001 | 0182005301 | |
| 005 | 20060814162534.78 | |
| 010 | @dCNY5.55 | |
| 091 | @a13031.1699 | |
| 100 | @a19950128d1982 em y0chiy0121 ea | |
| 101 | 0 | @achi |
| 102 | @aCN@b110000 | |
| 105 | @ay z 000yy | |
| 200 | 10 | @a高分子化学@Agao fen zi hua xue@f林尚安等编著@Flin shang an deng bian zhu |
| 210 | @a北京@c科学出版社@d1982 | |
| 215 | @a951页@d21cm | |
| 606 | @a高分子化学 | |
| 690 | @aO63@v4 | |
| 701 | 0 | @a林尚安@Alin shang an@4编著 |
| 801 | 0 | @aCN@b上海图书馆@c20060814 |
| 801 | 2 | @aCN@bNLC@c20060812 |
| 905 | @dO63@e11 | |
| 高分子化学/林尚安等编著.-北京:科学出版社,1982 |
| 951页;21cm |
| ISBN :CNY5.55 |
| ● |
| 相关链接 |
|
|
|
|
正题名:高分子化学
索取号:O63/11
 
预约/预借
| 序号 | 登录号 | 条形码 | 馆藏地/架位号 | 状态 | 备注 |
| 1 | 0454738 | 204547384 | 密集书库/ [索取号:O63/11] | 在馆 | |
| 2 | 0454739 | 204547393 | 密集书库/ [索取号:O63/11] | 在馆 | |
| 3 | 0454740 | 204547400 | 密集书库/ [索取号:O63/11] | 在馆 | |
| 4 | 0454741 | 204547419 | 密集书库/ [索取号:O63/11] | 在馆 | |
| 5 | 0454742 | 204547428 | 密集书库/ [索取号:O63/11] | 在馆 | |
| 6 | 0461242 | 204612428 | 密集书库/ [索取号:O63/11] | 在馆 | |
| 7 | 0461243 | 204612437 | 密集书库/ [索取号:O63/11] | 在馆 |